| 000 | 00627nam a22002057a 4500 | ||
|---|---|---|---|
| 003 | OSt | ||
| 005 | 20130515130240.0 | ||
| 008 | 130515s1996 sp ||||| |||| 00| 0 spa d | ||
| 020 | _a8429740864 | ||
| 040 | _cCDMR | ||
| 100 | 1 |
_93436 _aEnterría, Pilar |
|
| 245 |
_aCartas abiertas a un lector de periódicos acorralado por la información _cPilar Enterría, Joaquín Leguina |
||
| 260 |
_aBarcelona _bPenínsula _c1996 |
||
| 300 | _a172 p. | ||
| 490 | 0 |
_aCartas abiertas _v5 |
|
| 650 | 0 | 4 |
_92799 _aPeriodisme _xAspectes socials |
| 650 | 0 | 4 |
_91574 _aLlibertat d'informació |
| 700 | 1 |
_93435 _aLeguina, Joaquín |
|
| 942 |
_2udc _cMON |
||
| 999 |
_c6263 _d6263 |
||